[Event "ONJK 2018 DE"]
[Site "Borne, Netherlands"]
[Date "????.??.??"]
[Round "8.5"]
[White "Salomons, Matthijs"]
[Black "Wieggers, Wouter"]
[Result "0-1"]
[WhiteElo "1260"]
[BlackElo "1102"]
[PlyCount "130"]
[EventDate "2018.??.??"]

1. d4 Nf6 2. c4 g6 3. Nc3 Bg7 4. Bg5 O-O 5. Nf3 d6 6. e3 Nbd7 7. Bd3 e5 8. O-O
Qe8 9. Nb5 Qd8 10. b3 a6 11. Nc3 Qe8 12. e4 exd4 13. Nxd4 Nc5 14. f3 Nh5 15.
Bc2 Qe5 16. Be3 Nf4 17. g3 Nfe6 18. f4 Qf6 19. Nd5 Qd8 20. Rb1 c6 21. Nxe6 Bxe6
22. Nb4 a5 23. Bxc5 dxc5 24. Qxd8 Raxd8 25. Nd3 b6 26. f5 Bc8 27. f6 Bh6 28.
Ne5 Rd2 29. Rb2 Be3+ 30. Kh1 Bh3 31. Rg1 Bxg1 32. Kxg1 Rfd8 33. Nf3 R2d7 34.
Rb1 Bg4 35. Ne5 Rd2 36. Nxg4 Rxc2 37. Ne5 Rcd2 38. Nxc6 Rd1+ 39. Rxd1 Rxd1+ 40.
Kg2 Rd2+ 41. Kh3 h5 42. Ne7+ Kf8 43. Nc8 Rxa2 44. Nxb6 Ra3 45. Nd7+ Ke8 46.
Nxc5 Kd8 47. e5 Ra2 48. e6 fxe6 49. Nxe6+ Ke8 50. Nc7+ Kf7 51. Nd5 Rb2 52. c5
Rxb3 53. c6 Rb8 54. Kh4 Rc8 55. c7 Ke6 56. Kg5 Kf7 57. Kf4 a4 58. Nb6 Rxc7 59.
Nd5 Rc4+ 60. Ke3 a3 61. Kd3 Rc8 62. Nc3 Ra8 63. Kc2 a2 64. Nb5 a1=Q 65. Nd6+
Ke6 0-1

[Event "ONJK 2018 DE"]
[Site "Borne, Netherlands"]
[Date "????.??.??"]
[Round "8.6"]
[White "Groen, Jari"]
[Black "Knol, Daniel"]
[Result "0-1"]
[WhiteElo "1187"]
[BlackElo "1358"]
[PlyCount "30"]
[EventDate "2018.??.??"]

1. e4 e5 2. Nf3 Nc6 3. d4 exd4 4. Nxd4 Bc5 5. Be3 Qf6 6. c3 Nge7 7. Bc4 Ne5 8.
Be2 c6 9. f4 N5g6 10. e5 Qh4+ 11. g3 Qh3 12. Bg4 Qg2 13. Bf3 Qxb2 14. Nd2 Qxc3
15. Rc1 Qxe3+ 0-1

[Event "ONJK 2018 DE"]
[Site "Borne, Netherlands"]
[Date "????.??.??"]
[Round "8.7"]
[White "Maris, Evi"]
[Black "Niemeijer, Léon"]
[Result "1/2-1/2"]
[WhiteElo "1356"]
[BlackElo "1112"]
[PlyCount "77"]
[EventDate "2018.??.??"]

1. e4 c5 2. Nf3 Nc6 3. Bc4 e5 4. Nc3 Nf6 5. d3 d6 6. Bg5 Be7 7. Qd2 h6 8. Bh4
O-O 9. O-O Nxe4 10. dxe4 Bxh4 11. Nxh4 Qxh4 12. Qxd6 Qg5 13. Ne2 h5 14. Kh1 Bg4
15. Qxc5 Rac8 16. f4 Qe7 17. Qxe7 Nxe7 18. b3 Bxe2 19. Bxe2 Rxc2 20. Bxh5 g6
21. Bg4 f5 22. exf5 gxf5 23. Bh5 e4 24. Rfe1 Rd8 25. Re2 Rc3 26. h3 Rdd3 27.
Rae1 Nd5 28. Rf2 e3 29. Rf3 Rd2 30. Rg3+ Kh8 31. Bf7 e2 32. Kh2 Rxg3 33. Kxg3
Nc3 34. Kf2 Rxa2 35. Bc4 Rb2 36. Bxe2 Kg7 37. Kf1 Nxe2 38. Rxe2 Rxb3 39. Ke1
1/2-1/2

[Event "ONJK 2018 DE"]
[Site "Borne, Netherlands"]
[Date "????.??.??"]
[Round "8.8"]
[White "Koene, Noël"]
[Black "De Jong, Quint"]
[Result "0-1"]
[WhiteElo "535"]
[BlackElo "1005"]
[PlyCount "62"]
[EventDate "2018.??.??"]

1. e4 e6 2. Nf3 d5 3. Nc3 Bb4 4. Bd3 Nf6 5. b3 Bxc3 6. dxc3 dxe4 7. Bb5+ c6 8.
Ne5 Qxd1+ 9. Kxd1 cxb5 10. Ba3 Nc6 11. Nxc6 bxc6 12. Kc1 Nd5 13. Kb2 a5 14. b4
a4 15. Rae1 e3 16. fxe3 e5 17. Rhf1 Be6 18. Rf3 Rd8 19. Rf2 Rd6 20. Rd2 Ke7 21.
c4 Nf6 22. Rde2 Bxc4 23. Rf2 Rhd8 24. Rff1 Bxf1 25. Rxf1 Rd2 26. Kc1 Rxg2 27.
c4 Rxa2 28. Bb2 Ne4 29. Bxe5 f6 30. Bc7 Ra1+ 31. Kc2 Rd2# 0-1

[Event "ONJK 2018 DE"]
[Site "Borne, Netherlands"]
[Date "????.??.??"]
[Round "8.10"]
[White "Kumar, Prajit Sai"]
[Black "Ponomarev, Ivan"]
[Result "0-1"]
[WhiteElo "845"]
[BlackElo "1056"]
[PlyCount "68"]
[EventDate "2018.??.??"]

1. e4 c5 2. Nf3 e6 3. b3 d5 4. exd5 exd5 5. Be2 Nf6 6. Bb2 Nc6 7. d4 cxd4 8.
Nxd4 Bc5 9. Nxc6 bxc6 10. O-O O-O 11. Nd2 Re8 12. c4 dxc4 13. Bxc4 Bb4 14. Nf3
Bg4 15. Qxd8 Raxd8 16. Ne5 Be6 17. Bxe6 Rxe6 18. Rad1 Rde8 19. Nf3 c5 20. h3 h6
21. Bxf6 Rxf6 22. Rd7 Ra6 23. a4 Rc8 24. Rfd1 c4 25. Rd8+ Rxd8 26. Rxd8+ Kh7
27. Rd4 c3 28. Rc4 Rd6 29. Kf1 Rd1+ 30. Ke2 Rb1 31. Kd3 Ba5 32. Nd4 Rg1 33. g3
Bb6 34. Ke3 Rd1 0-1

[Event "ONJK 2018 DE"]
[Site "Borne, Netherlands"]
[Date "????.??.??"]
[Round "8.11"]
[White "Shin, Hayun"]
[Black "Damen, Josephine"]
[Result "1-0"]
[WhiteElo "918"]
[BlackElo "706"]
[PlyCount "27"]
[EventDate "2018.??.??"]

1. e4 e5 2. Nf3 Nc6 3. Bc4 Nf6 4. Ng5 d5 5. exd5 Nxd5 6. Nxf7 Kxf7 7. Qf3+ Ke7
8. Bxd5 Kd6 9. Bb3 Bd7 10. Qd5+ Ke7 11. d4 exd4 12. Bg5+ Ke8 13. Bxd8 Rxd8 14.
Qf7# 1-0

[Event "ONJK 2018 DE"]
[Site "Borne, Netherlands"]
[Date "2018.08.10"]
[Round "9.1"]
[White "Malfliet, Alexander"]
[Black "Froeyman, Hugo"]
[Result "0-1"]
[WhiteElo "1445"]
[BlackElo "1416"]
[PlyCount "88"]
[EventDate "2018.??.??"]

1. e4 e6 2. d4 d5 3. exd5 exd5 4. Bd3 Bd6 5. Nc3 c6 6. Be3 Nf6 7. Nge2 h6 8.
Bf4 O-O 9. Qd2 Ng4 10. h3 Bxf4 11. Nxf4 Re8+ 12. Nfe2 Qh4 13. g3 Qh5 14. O-O-O
Nxf2 15. Nf4 Qf3 16. Rdf1 Nxd3+ 17. Qxd3 Qxd3 18. Nxd3 Be6 19. Nc5 b6 20. Nxe6
Rxe6 21. Re1 Nd7 22. Kd2 Rae8 23. Rhf1 Nf6 24. Rxe6 Rxe6 25. Re1 Kf8 26. Rxe6
fxe6 27. Ne2 Ke7 28. b3 c5 29. Ke3 Kd6 30. Kf3 cxd4 31. Nxd4 a6 32. g4 g6 33.
Ne2 e5 34. Ng3 Ke6 35. Ke3 Kd6 36. c3 Kc5 37. Kd3 e4+ 38. Kc2 b5 39. Nf1 d4 40.
b4+ Kd5 41. cxd4 Kxd4 42. Kd2 Nd5 43. a3 e3+ 44. Ke2 Nf4+ 0-1

[Event "ONJK 2018 DE"]
[Site "Borne, Netherlands"]
[Date "2018.08.10"]
[Round "9.2"]
[White "De Rooij, Kevin"]
[Black "De Putter, Sven"]
[Result "0-1"]
[WhiteElo "1188"]
[BlackElo "1282"]
[PlyCount "122"]
[EventDate "2018.??.??"]

1. d4 d5 2. c4 dxc4 3. Nc3 e5 4. dxe5 Qxd1+ 5. Kxd1 Nc6 6. Nf3 Be6 7. Bg5 Be7
8. e3 O-O-O+ 9. Kc2 Nb4+ 10. Kc1 h6 11. Bh4 Bxh4 12. Nxh4 Nd3+ 13. Bxd3 cxd3
14. Kd2 Ne7 15. Rac1 a6 16. Ne4 Kb8 17. Nc5 Bxa2 18. Nxd3 Nc6 19. Ke2 Rhe8 20.
Nf3 Bd5 21. Rhg1 g6 22. Rc5 b6 23. Rcc1 Bxf3+ 24. gxf3 Nxe5 25. Nb4 Kb7 26. f4
a5 27. Nc2 Nc4 28. b3 Nd2 29. Nd4 Rxd4 30. Rc3 Ne4 31. Rxc7+ Kxc7 32. exd4 Ng3+
33. Kf3 Ne2 34. Rd1 Kd6 35. Rd2 Kd5 36. Rxe2 Rxe2 37. Kxe2 Kxd4 38. Kd2 b5 39.
f3 a4 40. bxa4 bxa4 41. Kc2 Ke3 42. Kc3 Kxf3 43. Kb4 Kxf4 44. Kxa4 Ke3 45. Kb3
f5 46. Kc2 Ke2 47. h4 f4 48. h5 gxh5 49. Kc3 f3 50. Kc2 f2 51. Kc3 f1=Q 52. Kc4
Ke3+ 53. Kc5 Qd1 54. Kc6 Ke4 55. Kc7 Ke5 56. Kc8 Qd6 57. Kb7 Ke6 58. Kc8 Qe7
59. Kb8 Kd6 60. Ka8 Kc6 61. Kb8 Qb7# 0-1

[Event "ONJK 2018 DE"]
[Site "Borne, Netherlands"]
[Date "2018.08.10"]
[Round "9.3"]
[White "Muntean, Felix"]
[Black "Van Doren, Frodo"]
[Result "0-1"]
[WhiteElo "1310"]
[BlackElo "876"]
[PlyCount "42"]
[EventDate "2018.??.??"]

1. e4 e5 2. Nf3 Nc6 3. Bc4 Nd4 4. Nxe5 Qg5 5. c3 Qxg2 6. Rf1 Qxe4+ 7. Be2 Nc2+
8. Qxc2 Qxc2 9. Na3 Qe4 10. d4 Bxa3 11. bxa3 d6 12. Nd3 Nf6 13. Kd1 Be6 14. f3
Qc6 15. Bd2 O-O-O 16. Nb4 Qa4+ 17. Ke1 Qxa3 18. Bd1 Qa5 19. c4 Qh5 20. f4 Qh4+
21. Rf2 Ne4 0-1

[Event "ONJK 2018 DE"]
[Site "Borne, Netherlands"]
[Date "2018.08.10"]
[Round "9.4"]
[White "Wieggers, Wouter"]
[Black "Knol, Daniel"]
[Result "0-1"]
[WhiteElo "1102"]
[BlackElo "1358"]
[PlyCount "80"]
[EventDate "2018.??.??"]

1. e4 e5 2. Nf3 Nc6 3. Bc4 Nf6 4. d3 h6 5. c3 Bc5 6. O-O O-O 7. Nbd2 d6 8. Bb3
Ne7 9. Re1 Ng6 10. Nf1 c6 11. Ng3 Re8 12. d4 Bb6 13. Nf5 exd4 14. N5xd4 Nxe4
15. Qd3 d5 16. c4 Nc5 17. Rxe8+ Qxe8 18. Qc3 Nxb3 19. Nxb3 dxc4 20. Qxc4 Be6
21. Qc3 Rd8 22. Be3 Bxe3 23. Qxe3 Bxb3 24. Qxb3 Qd7 25. h3 b6 26. Qe3 Re8 27.
Qc3 Nf4 28. Qd2 Qxd2 29. Nxd2 Re2 30. Rd1 Nd3 31. Nc4 Nxb2 32. Nxb2 Rxb2 33.
Ra1 c5 34. a4 c4 35. a5 b5 36. a6 b4 37. Rc1 c3 38. Kf1 c2 39. Ke2 b3 40. Kd2
Rb1 0-1

[Event "ONJK 2018 DE"]
[Site "Borne, Netherlands"]
[Date "2018.08.10"]
[Round "9.5"]
[White "Ekker, Joshua"]
[Black "Ang, Rufus"]
[Result "0-1"]
[WhiteElo "945"]
[BlackElo "1147"]
[PlyCount "66"]
[EventDate "2018.??.??"]

1. e4 e5 2. Nf3 Nf6 3. Nxe5 d6 4. Nf3 Nxe4 5. d3 Nf6 6. Nc3 Bg4 7. h3 Bxf3 8.
Qxf3 Nc6 9. Bg5 Be7 10. Be2 Nd4 11. Qxb7 Nxc2+ 12. Kd2 Nxa1 13. Qc6+ Nd7 14.
Bxe7 Kxe7 15. Rxa1 Nf6 16. Re1 Rb8 17. b3 Re8 18. Bf3+ Kf8 19. Rxe8+ Nxe8 20.
Nd5 Qc8 21. h4 Qb7 22. Qc3 Qc8 23. h5 c6 24. Ne3 c5 25. Nd5 Qd8 26. h6 Nf6 27.
g4 Nxd5 28. Qxg7+ Ke7 29. Bxd5 Qa5+ 30. Ke3 Qe1+ 31. Kf4 Qxf2+ 32. Kg5 Rg8 33.
Kh5 Rxg7 0-1

[Event "ONJK 2018 DE"]
[Site "Borne, Netherlands"]
[Date "2018.08.10"]
[Round "9.6"]
[White "Adema, Wessel"]
[Black "Cappan, Pjotr"]
[Result "0-1"]
[WhiteElo "1181"]
[BlackElo "1422"]
[PlyCount "70"]
[EventDate "2018.??.??"]

1. d4 d5 2. c4 e6 3. Nc3 Be7 4. Nf3 Nf6 5. e3 O-O 6. Bd3 b6 7. O-O c5 8. b3 Bb7
9. Qc2 a6 10. Bb2 h6 11. Rfd1 Qc7 12. Rac1 dxc4 13. bxc4 Bxf3 14. gxf3 cxd4 15.
exd4 Qf4 16. Ne2 Qxf3 17. Ng3 Nbd7 18. Qe2 Qb7 19. Ne4 Rac8 20. c5 b5 21. a4
Rfd8 22. axb5 axb5 23. Bxb5 Qxe4 24. Qxe4 Nxe4 25. c6 Ndf6 26. c7 Rd6 27. Ba3
Rb6 28. Bxe7 Rxb5 29. f3 Ng5 30. Kf2 Rb3 31. Bxf6 Rxf3+ 32. Kg2 Rxf6 33. d5
exd5 34. Rxd5 Ne6 35. Rb5 Rxc7 0-1

[Event "ONJK 2018 DE"]
[Site "Borne, Netherlands"]
[Date "2018.08.10"]
[Round "9.7"]
[White "Van Egmond, Tom"]
[Black "Debunne, Lasse"]
[Result "1/2-1/2"]
[WhiteElo "1205"]
[BlackElo "1206"]
[PlyCount "34"]
[EventDate "2018.??.??"]

1. Nf3 Nc6 2. c4 e5 3. Nc3 Nf6 4. d4 exd4 5. Nxd4 Bb4 6. Bg5 d5 7. e3 h6 8.
Bxf6 Bxc3+ 9. bxc3 gxf6 10. cxd5 Qxd5 11. Nxc6 bxc6 12. Qxd5 cxd5 13. Bb5+ Bd7
14. Bxd7+ Kxd7 15. Rd1 c6 16. c4 Ke6 17. cxd5+ cxd5 1/2-1/2

[Event "ONJK 2018 DE"]
[Site "Borne, Netherlands"]
[Date "2018.08.10"]
[Round "9.8"]
[White "De Jong, Quint"]
[Black "Trunz, Michelle"]
[Result "0-1"]
[WhiteElo "1005"]
[BlackElo "1312"]
[PlyCount "60"]
[EventDate "2018.??.??"]

1. c4 e5 2. Nf3 Nc6 3. Nc3 f5 4. d4 e4 5. Bg5 Nf6 6. Ne5 Bb4 7. Qd2 d6 8. Nxc6
bxc6 9. a3 Bxc3 10. Qxc3 O-O 11. e3 Qe8 12. Bf4 Nh5 13. Bg3 f4 14. exf4 Nxf4
15. Qe3 Nh5 16. Be2 Nxg3 17. Qxg3 Rb8 18. b4 a5 19. bxa5 Ba6 20. Qe3 Rb2 21.
Qc3 Qb8 22. Qc1 d5 23. h3 Qb7 24. Rf1 Rb8 25. f3 Qb3 26. fxe4 Qg3+ 27. Rf2 Bxc4
28. Qd1 Rxe2+ 29. Qxe2 Bxe2 30. Kxe2 Rb2+ 0-1

[Event "ONJK 2018 DE"]
[Site "Borne, Netherlands"]
[Date "2018.08.10"]
[Round "9.9"]
[White "Reina, Samson"]
[Black "Koene, Noël"]
[Result "1-0"]
[WhiteElo "773"]
[BlackElo "535"]
[PlyCount "53"]
[EventDate "2018.??.??"]

1. d4 Nf6 2. c4 e5 3. e3 Nc6 4. Nf3 Be7 5. Nc3 d6 6. Be2 O-O 7. O-O Bd7 8. Bd2
e4 9. Ne1 Qc8 10. Qb1 Bg4 11. Bd1 Bf5 12. Bc2 Bh3 13. Nxe4 Qg4 14. Ng3 Qh4 15.
Nf3 Qh6 16. e4 Qg6 17. e5 Qg4 18. Bf5 Qxf3 19. gxf3 Bxf1 20. Qxf1 Nxd4 21. exf6
Nxf3+ 22. Kh1 Bxf6 23. Qh3 g6 24. Bc3 Rae8 25. Bxf6 Re1+ 26. Rxe1 Nxe1 27. Qh6
1-0

[Event "ONJK 2018 DE"]
[Site "Borne, Netherlands"]
[Date "2018.08.10"]
[Round "9.10"]
[White "Mainka, Ingmar"]
[Black "Kumar, Prajit Sai"]
[Result "0-1"]
[WhiteElo "1190"]
[BlackElo "845"]
[PlyCount "108"]
[EventDate "2018.??.??"]

1. e4 e5 2. Nf3 Nc6 3. d4 exd4 4. Nxd4 Nxd4 5. Qxd4 Qf6 6. e5 Qc6 7. Nc3 Bc5 8.
Qd5 Ne7 9. Qxc6 Nxc6 10. Bf4 Bb4 11. Bc4 O-O 12. O-O Bxc3 13. bxc3 Ne7 14. Rab1
b6 15. e6 dxe6 16. Bxc7 Bb7 17. Bd6 Rfc8 18. Bd3 Nd5 19. c4 Nf6 20. c5 Ne8 21.
Be7 Rc7 22. Bd6 Nxd6 23. cxd6 Rd7 24. Rfd1 Rad8 25. h3 Rxd6 26. Rb3 e5 27. Re1
f6 28. Rc3 Rc6 29. Rb3 Kf8 30. Bxh7 Rc5 31. Bg6 Ra5 32. a3 Rd4 33. Rc3 Rc5 34.
Rd3 Rxd3 35. cxd3 Bc6 36. Ra1 Ke7 37. Re1 Rc3 38. d4 Rxa3 39. dxe5 Ke6 40.
exf6+ Kxf6 41. Bc2 b5 42. Rb1 Ra6 43. Rb4 Ke6 44. Bd3 Rb6 45. g3 a5 46. Rb1 b4
47. Kf1 a4 48. Ke2 Bb5 49. Bxb5 Rxb5 50. Kd2 Kd5 51. Kd3 a3 52. Kc2 Kc4 53. f4
b3+ 54. Kd2 a2 0-1

[Event "ONJK 2018 DE"]
[Site "Borne, Netherlands"]
[Date "2018.08.10"]
[Round "9.11"]
[White "Van Leeuwen, Robin"]
[Black "Shin, Hayun"]
[Result "1-0"]
[WhiteElo "1098"]
[BlackElo "918"]
[PlyCount "103"]
[EventDate "2018.??.??"]

1. e4 e5 2. Nf3 Nc6 3. Bb5 a6 4. Ba4 Nf6 5. O-O b5 6. Bb3 Be7 7. Re1 d6 8. c3
Bg4 9. d3 O-O 10. Be3 Na5 11. Nbd2 Nxb3 12. Qxb3 Be6 13. Qc2 c5 14. b3 Qc7 15.
c4 b4 16. a3 a5 17. axb4 axb4 18. Bg5 Nh5 19. Bxe7 Qxe7 20. Nf1 Bg4 21. Rxa8
Bxf3 22. Rxf8+ Kxf8 23. gxf3 Qg5+ 24. Ng3 Nf4 25. Rf1 h5 26. Kh1 h4 27. Qc1
hxg3 28. fxg3 Ne6 29. Qxg5 Nxg5 30. Kg2 Ne6 31. Ra1 Nd4 32. Rb1 Ke7 33. f4 g6
34. Kh3 Ke6 35. Kg4 Kf6 36. f5 gxf5+ 37. exf5 Kg7 38. Rb2 Kf6 39. h4 Kg7 40. h5
Kh6 41. f6 Ne6 42. Kh4 Kh7 43. g4 Nf4 44. Rd2 Ne6 45. g5 Nd4 46. Rb2 Ne6 47.
Kg4 Nf4 48. Kf5 Ne6 49. g6+ Kg8 50. Ra2 Nf8 51. g7 d5 52. cxd5 1-0

[Event "ONJK 2018 DE"]
[Site "Borne, Netherlands"]
[Date "2018.08.10"]
[Round "10.1"]
[White "Knol, Daniel"]
[Black "Froeyman, Hugo"]
[Result "1-0"]
[WhiteElo "1358"]
[BlackElo "1416"]
[PlyCount "139"]
[EventDate "2018.??.??"]

1. e4 c6 2. d4 d5 3. exd5 cxd5 4. c4 dxc4 5. Bxc4 e6 6. Nf3 Nf6 7. O-O Be7 8.
Nc3 O-O 9. Bf4 Nc6 10. d5 exd5 11. Nxd5 Nxd5 12. Qxd5 Qxd5 13. Bxd5 Bf6 14.
Rab1 Bf5 15. Rbc1 Bxb2 16. Rc5 Ba3 17. Rc3 Bb4 18. Rb3 Rfd8 19. Bxc6 bxc6 20.
Rxb4 c5 21. Rb3 c4 22. Rc3 Rac8 23. Rfc1 h6 24. h4 Be6 25. Be3 a6 26. Ne5 Rd6
27. Kf1 Rd5 28. Nxc4 Rcd8 29. Bb6 R8d7 30. a3 Bg4 31. Ne3 Rb5 32. Nxg4 Rxb6 33.
Rc8+ Kh7 34. R8c7 Rxc7 35. Rxc7 Rb1+ 36. Ke2 Rb2+ 37. Kd3 f5 38. Rc2 Rb3+ 39.
Kc4 Rxa3 40. Ne3 Ra4+ 41. Kd3 f4 42. Nc4 Ra1 43. Ke4 Rh1 44. Kxf4 Rxh4+ 45. Kg3
Rd4 46. Ne3 Rd7 47. Ra2 Ra7 48. Ra5 Kg6 49. f4 Kh7 50. Nd5 Kg8 51. Nb4 Kf7 52.
Rxa6 Rxa6 53. Nxa6 Kg6 54. Kf3 h5 55. Ke4 Kf6 56. Nc5 g6 57. Nd7+ Kg7 58. Ke5
Kf7 59. Nf8 Kxf8 60. Kf6 g5 61. Kxg5 Kg7 62. Kxh5 Kf6 63. g4 Kg7 64. g5 Kf7 65.
f5 Kg8 66. g6 Kg7 67. f6+ Kg8 68. f7+ Kg7 69. Kg5 Kf8 70. Kh6 1-0

[Event "ONJK 2018 DE"]
[Site "Borne, Netherlands"]
[Date "2018.08.10"]
[Round "10.2"]
[White "Cappan, Pjotr"]
[Black "De Putter, Sven"]
[Result "1/2-1/2"]
[WhiteElo "1422"]
[BlackElo "1282"]
[PlyCount "66"]
[EventDate "2018.??.??"]

1. e4 e5 2. Nf3 Nc6 3. Bc4 Bc5 4. c3 Nf6 5. d3 d6 6. Bb3 O-O 7. h3 h6 8. Nbd2
a5 9. Nf1 a4 10. Bxa4 Nh7 11. Bc2 f5 12. Qe2 f4 13. N1h2 Ng5 14. O-O Qf6 15.
Kh1 Be6 16. Rd1 d5 17. exd5 Bxd5 18. Ng4 Qe7 19. d4 Bxf3 20. gxf3 exd4 21. Qxe7
Bxe7 22. cxd4 Nxh3 23. Bb3+ Kh8 24. Kg2 Ng5 25. d5 Na5 26. Bc2 Nc4 27. Bb3 Nb6
28. Ne5 Kh7 29. Bc2+ Kg8 30. Bb3 Bd6 31. Nc4 Nxc4 32. Bxc4 Be7 33. Bd3 Bd6
1/2-1/2

[Event "ONJK 2018 DE"]
[Site "Borne, Netherlands"]
[Date "2018.08.10"]
[Round "10.3"]
[White "Van Doren, Frodo"]
[Black "De Rooij, Kevin"]
[Result "1-0"]
[WhiteElo "876"]
[BlackElo "1188"]
[PlyCount "83"]
[EventDate "2018.??.??"]

1. e4 c5 2. Nf3 e6 3. d4 cxd4 4. Nxd4 Nc6 5. Nc3 Bb4 6. Be3 Nf6 7. f3 d5 8.
Nxc6 bxc6 9. e5 Nd7 10. f4 c5 11. Bd2 Bb7 12. Nb5 Bxd2+ 13. Qxd2 O-O 14. Nd6
Qc7 15. Be2 f6 16. Qe3 fxe5 17. fxe5 d4 18. Qg3 Bd5 19. Bf3 Bxf3 20. gxf3 Qa5+
21. Ke2 Rab8 22. Rhg1 g6 23. Qg4 Qa6+ 24. Kd1 Nxe5 25. Qxe6+ Nf7 26. Rxg6+ hxg6
27. Qxg6+ Kh8 28. Nxf7+ Rxf7 29. Qxa6 Rxf3 30. Ke2 Rh3 31. Qf6+ Kg8 32. Qe6+
Kf8 33. Qxh3 Re8+ 34. Kd2 c4 35. Qh8+ Kf7 36. Rf1+ Ke7 37. Re1+ Kd6 38. Qxe8
c3+ 39. bxc3 dxc3+ 40. Kxc3 a5 41. Re6+ Kd5 42. Qc6# 1-0

[Event "ONJK 2018 DE"]
[Site "Borne, Netherlands"]
[Date "2018.08.10"]
[Round "10.4"]
[White "Ang, Rufus"]
[Black "Muntean, Felix"]
[Result "1/2-1/2"]
[WhiteElo "1147"]
[BlackElo "1310"]
[PlyCount "120"]
[EventDate "2018.??.??"]

1. d4 d5 2. c4 e6 3. Nc3 Nf6 4. Bg5 c6 5. Nf3 b6 6. e3 Bb7 7. Be2 g6 8. e4 dxe4
9. Nxe4 Bb4+ 10. Nfd2 Bxd2+ 11. Qxd2 Nxe4 12. Bxd8 Nxd2 13. Bf6 O-O 14. Kxd2
Nd7 15. Bh4 c5 16. dxc5 bxc5 17. f3 a5 18. Kc3 Rfe8 19. Rhd1 Bc6 20. Rd6 Rac8
21. Rad1 Nb8 22. Rd8 Kg7 23. Rxc8 Rxc8 24. Rd8 Rxd8 25. Bxd8 a4 26. Be7 Nd7 27.
Bd1 f6 28. g3 Kf7 29. Bd6 e5 30. f4 Ke6 31. fxe5 fxe5 32. Bc7 Nf6 33. Bb6 Ne4+
34. Kd3 Kd6 35. Bf3 Ng5 36. Bg4 Be4+ 37. Ke3 Bb1 38. a3 Ba2 39. h4 h5 40. hxg5
hxg4 41. Ke4 Bxc4 42. Ba7 Bd5+ 43. Ke3 c4 44. Bb8+ Ke6 45. Bc7 Kf5 46. Bd8 Bf3
47. Be7 Ke6 48. Bd8 Kd5 49. Bf6 c3 50. bxc3 e4 51. Be7 Kc4 52. Bb4 Kb3 53. Kf2
Kc2 54. Ke3 Kd1 55. c4 Be2 56. c5 Bb5 57. Kxe4 Ke2 58. Kf4 Bd7 59. c6 Bxc6 60.
Kxg4 Bd7+ 1/2-1/2

[Event "ONJK 2018 DE"]
[Site "Borne, Netherlands"]
[Date "2018.08.10"]
[Round "10.5"]
[White "Debunne, Lasse"]
[Black "Malfliet, Alexander"]
[Result "1-0"]
[WhiteElo "1206"]
[BlackElo "1445"]
[PlyCount "121"]
[EventDate "2018.??.??"]

1. e4 c5 2. Nf3 Nc6 3. d4 cxd4 4. Nxd4 Nf6 5. Nc3 e6 6. Bg5 Be7 7. Be2 Nxe4 8.
Bxe7 Nxc3 9. Nxc6 Qxe7 10. Nxe7 Nxd1 11. Nxc8 Nxf2 12. Nxa7 Nxh1 13. Nb5 O-O
14. Bf3 Rac8 15. c3 Rc5 16. a4 Ra8 17. Bxb7 Rb8 18. Bf3 Rc4 19. a5 d5 20. a6
Rcc8 21. a7 Ra8 22. g3 Rc5 23. Ra5 h6 24. Bxh1 Rxb5 25. Rxb5 Rxa7 26. Kd2 Ra1
27. Bf3 Rf1 28. Ke2 Rc1 29. Kd2 Rf1 30. Ke3 Kh7 31. Rb8 g5 32. b4 Rc1 33. Kd2
Rf1 34. Be2 Ra1 35. Bd3+ Kg7 36. Rb6 Ra2+ 37. Bc2 e5 38. Rd6 e4 39. Rxd5 e3+
40. Kxe3 Rxc2 41. Kd4 Kf8 42. Re5 f6 43. Re1 Rd2+ 44. Kc4 Rd8 45. b5 Rc8+ 46.
Kb4 f5 47. Re5 Kf7 48. Rxf5+ Ke6 49. Rc5 Ra8 50. b6 Kd6 51. Rf5 Kd7 52. Rf6 Rh8
53. c4 g4 54. c5 Ke7 55. Rd6 Rd8 56. Rxd8 Kxd8 57. c6 Kc8 58. Kb5 h5 59. b7+
Kc7 60. Ka6 Kb8 61. Kb6 1-0

[Event "ONJK 2018 DE"]
[Site "Borne, Netherlands"]
[Date "2018.08.10"]
[Round "10.6"]
[White "Wieggers, Wouter"]
[Black "Van Egmond, Tom"]
[Result "1/2-1/2"]
[WhiteElo "1102"]
[BlackElo "1205"]
[PlyCount "37"]
[EventDate "2018.??.??"]

1. e4 c5 2. Nf3 Nc6 3. d4 cxd4 4. Nxd4 e5 5. Nf3 Nf6 6. Nc3 Bb4 7. Bc4 h6 8.
O-O O-O 9. Re1 d6 10. Bd2 Bg4 11. a3 Bc5 12. Be2 Bxf3 13. Bxf3 Qb6 14. Be3 Bxe3
15. Rxe3 Nd4 16. Na4 Qc6 17. Nc3 Rac8 18. Rc1 Rfe8 19. Bg4 1/2-1/2

[Event "ONJK 2018 DE"]
[Site "Borne, Netherlands"]
[Date "2018.08.10"]
[Round "10.7"]
[White "Niemeijer, Léon"]
[Black "Molanus, Florian"]
[Result "1-0"]
[WhiteElo "1112"]
[BlackElo "1179"]
[PlyCount "45"]
[EventDate "2018.??.??"]

1. d4 d5 2. c4 c6 3. Nc3 Nf6 4. Nf3 e6 5. Bg5 Be7 6. Bxf6 Bxf6 7. e3 O-O 8. Bd3
dxc4 9. Bxc4 Nd7 10. O-O b6 11. Qc2 Bb7 12. e4 c5 13. e5 Bh4 14. Nxh4 Qxh4 15.
Rad1 cxd4 16. g3 Qh3 17. f4 Nxe5 18. fxe5 dxc3 19. bxc3 Rac8 20. Rd4 b5 21. Rh4
Be4 22. Qxe4 Rxc4 23. Qxh7# 1-0

[Event "ONJK 2018 DE"]
[Site "Borne, Netherlands"]
[Date "2018.08.10"]
[Round "10.8"]
[White "Trunz, Michelle"]
[Black "Reina, Samson"]
[Result "1-0"]
[WhiteElo "1312"]
[BlackElo "773"]
[PlyCount "125"]
[EventDate "2018.??.??"]

1. e4 e5 2. Nf3 Nc6 3. Bc4 Nf6 4. d3 Bc5 5. c3 d5 6. exd5 Nxd5 7. O-O Nf6 8.
Re1 Ng4 9. d4 Bd6 10. h3 Nh6 11. dxe5 Be7 12. Qxd8+ Bxd8 13. e6 fxe6 14. Bxh6
gxh6 15. Bxe6 Bxe6 16. Rxe6+ Be7 17. Rxh6 O-O-O 18. Na3 Rdg8 19. Kf1 Rg6 20.
Rxg6 hxg6 21. Nb5 g5 22. Re1 Bd8 23. Nbd4 Rg8 24. Nxc6 bxc6 25. Re4 Bf6 26. Re6
Bh8 27. Rxc6 g4 28. hxg4 Rxg4 29. Rh6 Bg7 30. Rh4 Rg6 31. Ra4 Kb7 32. a3 Rd6
33. Nd4 a5 34. Nf5 Rg6 35. Nxg7 Rxg7 36. Rxa5 Rd7 37. Ke2 Re7+ 38. Kf3 Rf7+ 39.
Kg3 Rg7+ 40. Kh2 Rf7 41. f3 Rd7 42. Ra4 Rd2 43. Rb4+ Kc8 44. a4 c5 45. Rb5 Rd5
46. b4 Rh5+ 47. Kg1 Rd5 48. Rxc5+ Rxc5 49. bxc5 Kc7 50. g4 Kc6 51. g5 Kxc5 52.
g6 Kc4 53. g7 Kxc3 54. g8=Q Kd4 55. Qg5 Kc4 56. Qe5 Kd3 57. Kf2 Kd2 58. Qe3+
Kd1 59. Qe2+ Kc1 60. Ke3 Kb1 61. Kd3 Ka1 62. Kc3 Kb1 63. Qb2# 1-0

[Event "ONJK 2018 DE"]
[Site "Borne, Netherlands"]
[Date "2018.08.10"]
[Round "10.9"]
[White "De Jong, Quint"]
[Black "Kumar, Prajit Sai"]
[Result "1/2-1/2"]
[WhiteElo "1005"]
[BlackElo "845"]
[PlyCount "61"]
[EventDate "2018.??.??"]

1. d4 d5 2. c4 e6 3. Nf3 Nf6 4. Bg5 Be7 5. Nc3 Nc6 6. e3 O-O 7. Bd3 b6 8. Qc2
Nb4 9. Qd1 Nxd3+ 10. Qxd3 Bb7 11. cxd5 Nxd5 12. Bxe7 Qxe7 13. O-O Nxc3 14. Qxc3
Bxf3 15. gxf3 Rac8 16. Kh1 c5 17. Rg1 g6 18. Rg4 cxd4 19. Qxd4 Rfd8 20. Qe5 Rc5
21. Qf4 Qd6 22. Qh6 Kh8 23. Rh4 Kg8 24. Qxh7+ Kf8 25. Rf4 Rd7 26. Rd4 Qc6 27.
Rxd7 Qxd7 28. Rg1 Qc7 29. Qh6+ Ke8 30. b3 Rh5 31. Rg4 1/2-1/2

[Event "ONJK 2018 DE"]
[Site "Borne, Netherlands"]
[Date "2018.08.10"]
[Round "10.10"]
[White "Koene, Noël"]
[Black "Van Leeuwen, Robin"]
[Result "0-1"]
[WhiteElo "535"]
[BlackElo "1098"]
[PlyCount "92"]
[EventDate "2018.??.??"]

1. e4 c5 2. b3 Nc6 3. Bb2 d6 4. Nf3 Bd7 5. Bc4 a6 6. Ng5 e6 7. Qf3 Qxg5 8. O-O
Ne5 9. Bxe5 Qxe5 10. Nc3 Nf6 11. Be2 Bc6 12. d3 Qxc3 13. Rad1 Qxc2 14. Ra1 Qc3
15. Rad1 Be7 16. Qe3 O-O 17. Qg5 Qe5 18. Qe3 d5 19. f4 Qd4 20. Qxd4 cxd4 21. e5
Nd7 22. Rf3 Nb6 23. Rh3 a5 24. Bg4 Bd7 25. Rf1 a4 26. f5 exf5 27. Bxf5 Bxf5 28.
Rxf5 axb3 29. axb3 Ra3 30. Rfh5 h6 31. Rf3 Rxb3 32. Rhf5 Nd7 33. Rg3 Bg5 34. h3
Be3+ 35. Kf1 Rxd3 36. Ke2 Rd2+ 37. Ke1 b5 38. Rh5 b4 39. Rxh6 Bxh6 40. Rb3 Rb8
41. Kf1 d3 42. Kg1 Rc2 43. Kh2 Bf4+ 44. Kg1 d2 45. Rb1 Bg3 46. Rd1 Rc1 0-1

[Event "ONJK 2018 DE"]
[Site "Borne, Netherlands"]
[Date "2018.08.10"]
[Round "10.11"]
[White "Waersegers, Brent"]
[Black "Ponomarev, Ivan"]
[Result "1/2-1/2"]
[WhiteElo "604"]
[BlackElo "1056"]
[PlyCount "39"]
[EventDate "2018.??.??"]

1. e4 c5 2. Nf3 e6 3. g3 d5 4. d3 Nc6 5. Bg2 Bd6 6. c3 Nf6 7. Nbd2 e5 8. O-O d4
9. Nc4 O-O 10. Nxd6 Qxd6 11. c4 Bg4 12. b3 Qd7 13. Ba3 b6 14. Rb1 a5 15. Qe2
Rfe8 16. Rfc1 h6 17. Rb2 Kh8 18. Qf1 Bh3 19. Qe2 Bg4 20. Bh1 1/2-1/2